00388 a2200109 4500001001000000005001700010008004100027245007900068100002300147773009100170999001700261ART_6149720260410162056.0260409a 10aAnálisis del fallo “AMIA” de la Cámara Federal de Casación Penal1 aFiumara, Franco M.0 tTemas de derecho penal y procesal penalg- Año 6, N° 6/7 (jun./jul. 2024)wREV60798 c36262d36262